000 nam a22 7a 4500
999 _c233641
_d233641
003 Nust
005 20170309135801.0
008 170309b xxu||||| |||| 00| 0 eng d
040 _cDLC
082 _a307.1216 WEN
245 _aUrban Remote Sensing /
_cWeng,Qihao
260 _aNew York :
_bCRC Press,
_c2007
300 _a412p. :
942 _2ddc
_cBK